Miguel de Cervantes / (Registro nro. 11709)
[ vista simple ]
| 000 -LIDER | |
|---|---|
| fixed length control field | 00805nam a22002417a 4500 |
| 003 - IDENTIFICACDOR DE NÚMERO DE CONTROL | |
| control field | DO-SdBPM |
| 005 - DATE AND TIME OF LATEST TRANSACTION | |
| control field | 20250604092136.0 |
| 008 - ELEMENTOS DE LONGITUD FIJA | |
| fixed length control field | 161028b1979 sp | 00| 0 spa d |
| 020 ## - ISBN | |
| International Standard Book Number | 8430510966 |
| 040 ## - FUENTE DE CATALOGACIÓN | |
| Agencia que crea de manera original el registro | DO-SdBPM |
| Idioma de catalogación | spa |
| Agencia que realiza la transcripción | BPMSU |
| 082 #4 - NÚMERO DE CLASIFICACIÓN DECIMAL DE DEWEY | |
| Classification number | 928.63 |
| Item number | C419H 1979 |
| Edition number | 22 |
| 100 1# - ASIENTO PRINCIPAL -- NOMBRE PERSONAL | |
| Nombre personal | Herrera, Juan Ignacio |
| 245 10 - MENCIÓN DE TITULO | |
| Título | Miguel de Cervantes / |
| Mención de responsabilidad | Juan Ignacio Herrera. |
| 260 ## - PUBLICACIÓN, DISTRIBUCIÓN, ETC. (PIE DE IMPRENTA) | |
| Lugar de publicación, distribución, etc | Barcelona : |
| Nombre del editor, distribuidor, etc. | Susaeta Ediciones , |
| Fecha de publicación, distribución, etc | 1979 |
| 300 ## - DESCRIPCIÓN FÍSICA | |
| Extensión | 98 p. ; |
| Dimensiones | 21 cm. |
| 490 0# - MENCIÓN DE SERIES | |
| Mención de serie | Vidas ilustres |
| 590 ## - NOTA LOCAL | |
| Texto de la nota local | Inventariado, 2025/VM |
| 600 14 - ENCABEZAMIENTO DE MATERIA--NOMBRE PERSONAL | |
| Nombre personal | Cervantes Saavedra, Miguel de, |
| Fechas asociadas con el nombre | 1547-1616 |
| Subdivisión de forma | Biografías |
| 650 #4 - ENCABEZAMIENTO DE MATERIA--TEMÁTICO | |
| Término temático o nombre geográfico como elemento de entrada | Novela gráfica |
| Subdivisión temática general | Historia y crítica |
| Subdivisión geográfica | España |
| 650 #4 - ENCABEZAMIENTO DE MATERIA--TEMÁTICO | |
| Término temático o nombre geográfico como elemento de entrada | Tiras cómicas, historietas, etc |
| Subdivisión temática general | Historia y crítica |
| Subdivisión geográfica | España |
| 910 ## - VALIDACIÓN | |
| Validación | VMateo V. Control de calidad. BPMSU |
| 942 ## - ADDED ENTRY ELEMENTS (KOHA) | |
| Source of classification or shelving scheme | Dewey Decimal Classification |
| Koha item type | Libros |
| Withdrawn status | Lost status | Source of classification or shelving scheme | Damaged status | Not for loan | Collection code | Home library | Current library | Date acquired | Source of acquisition | Total Checkouts | Full call number | Barcode | Date last seen | Price effective from | Koha item type |
|---|---|---|---|---|---|---|---|---|---|---|---|---|---|---|---|
| Dewey Decimal Classification | Colección General | Biblioteca Pública Metropolitana Salomé Ureña | Biblioteca Pública Metropolitana Salomé Ureña | 10/28/2016 | Donación | BPMSU CG 928.63 C419H 1979 | BPMSU16100413 | 10/28/2016 | 10/28/2016 | Libros |